Protecting and safeguarding cultural heritage : systems of management of cultural heritage in the Visegrad countries (Record no. 8799)

MARC details
000 -LEADER
fixed length control field 00723nam a22001577a 4500
008 - FIXED-LENGTH DATA ELEMENTS--GENERAL INFORMATION
fixed length control field 210716b ||||| |||| 00| 0 eng d
020 ## - INTERNATIONAL STANDARD BOOK NUMBER
International Standard Book Number 9788389273871
082 ## - DEWEY DECIMAL CLASSIFICATION NUMBER
Classification number 940 PUR
245 ## - TITLE STATEMENT
Title Protecting and safeguarding cultural heritage : systems of management of cultural heritage in the Visegrad countries
260 ## - PUBLICATION, DISTRIBUTION, ETC.
Place of publication, distribution, etc. Krakow :
Name of publisher, distributor, etc. International Cultural Centre,
Date of publication, distribution, etc. 2011.
300 ## - PHYSICAL DESCRIPTION
Extent 264 p. :
Other physical details col. ill. ;
Dimensions 24 cm.
500 ## - GENERAL NOTE
General note Includes bibliographical references.
650 ## - SUBJECT ADDED ENTRY--TOPICAL TERM
Topical term or geographic name entry element Cultural property -- Protection -- Congresses; Cultural property -- Protection -- Europe, Central -- Congresses; Historic sites -- Conservation and restoration -- Europe, Central -- Congresses
700 ## - ADDED ENTRY--PERSONAL NAME
Personal name Purchla, Jacek
942 ## - Added entry Elements (Koha)
Source of classification or shelving scheme Dewey Decimal Classification
Holdings
Withdrawn status Lost status Source of classification or shelving scheme Damaged status Not for loan Collection code Home library Current library Shelving location Date acquired Serial Enumeration / chronology Total Checkouts Full call number Barcode Date last seen Price effective from Koha item type
    Dewey Decimal Classification     Main TEST RTC Library RTC Library Main opac 16/07/2021 16023   940 PUR 30014996 16/07/2021 16/07/2021 Main
Royal Thimphu College || All Right Reserved